| 000 | 01134cam a2200265 a 4500 | ||
|---|---|---|---|
| 001 | 276274659 | ||
| 003 | OCoLC | ||
| 005 | 20250204101942.0 | ||
| 008 | 081119s2009 tnu b 001 0 eng | ||
| 020 | _a9780849900068 (hardcover) | ||
| 020 | _a0849900069 (hardcover) | ||
| 035 | _a(OCoLC)276274659 | ||
| 040 |
_aDLC _cDLC _dYDX _dYDXCP _dBUR _dCQU _dMZN |
||
| 082 |
_a289.94 _bHAN 1 |
||
| 090 |
_aBR1643.5 _b.H37 2009 |
||
| 100 | 1 | _aHanegraaff, Hank | |
| 245 | 1 | 0 |
_aChristianity in crisis : _bthe 21st century / _cHank Hanegraaff |
| 260 |
_aNashville, Tenn. : _bThomas Nelson, _cc2009 |
||
| 300 |
_axx, 427 p. ; _c25 cm |
||
| 504 | _aIncludes bibliographical references (p. 356-427) and indexes | ||
| 505 | 0 | _aTurning truth into mythology -- Faith in faith -- Little gods -- Atonement atrocities -- Wealth and want -- Sickness and suffering -- Back to basics | |
| 520 | _aHanegraaff attacks the Faith movement as contradictory to Biblical teaching, including numerous well-known megachurch leaders and televangelists, as well as Creative Visualization and New Thought | ||
| 650 | 0 | _aFaith movement (Hagin) | |
| 942 |
_2ddc _cBK _n0 |
||
| 999 |
_c10607 _d10607 |
||